000 01230nam a22003497a 4500
003 CHAP
005 20220329133839.0
008 971013s1970 r 00010 d
010 _a11732
011 _a12704
035 _a16214
040 _cCHAP
090 _aTesis
100 0 0 _aSoto Tovar, Celso Ramón.
_9108921
245 _aEfecto de la fertilización y densidad de siembra en el rendimiento de la calabacita (Cucurbita pepo L.) cultivada en un suelo de Chapingo, Méx.
260 _aChapingo, Méx. :
_bEl autor,
_c1970
300 _a74 h.
502 _aTesis (Ing. Agrónomo Especialista en Suelos) -- ENA. Departamento de Suelos
590 _aALEPH
_b10
_c20130110
_lUCH01
_h1229
590 _aBATCH-UPD
_b10
_c20130110
_lUCH01
_h0316
590 _aBATCH-UPD
_b10
_c20130110
_lUCH01
_h1846
590 _aBATCH-UPD
_b10
_c20130409
_lUCH01
_h2349
590 _aBATCH-UPD
_b10
_c20130914
_lUCH01
_h0813
590 _aCONVERSION
_b10
_c20130109
_lUCH01
_h1308
650 1 4 _aCalabaza.
_917261
650 1 4 _aFertilizantes para calabaza.
_940609
901 _aBK
942 _cFOLL
949 _bBC
_cTES
_d-137573
_eTS1
_i16214
_si
949 _bBC
_cTES
_d-137574
_eTS2
_fc.2
_i16214
_si
949 _bS
_cTESBD
_d-28435
_eTS1
_i16214
_si
999 _c11732
_d11732